Central Library OPAC University of Rajshahi

A history of libraries / (Record no. 56651)

MARC details
000 -LEADER
fixed length control field 00921nam a2200289 a 4500
001 - CONTROL NUMBER
control field 56651
003 - CONTROL NUMBER IDENTIFIER
rucl marc code BD-RjUL
005 - DATE AND TIME OF LATEST TRANSACTION
control field 20211209080423.0
008 - FIXED-LENGTH DATA ELEMENTS--GENERAL INFORMATION
fixed length control field 730404s1955 nju 001 0 eng u
035 ## - SYSTEM CONTROL NUMBER
System control number (OCoLC)597331
System control number (OCoLC)ocm00597331
System control number (BD-RjUL)56775
System control number (NNC)2587669
040 ## - CATALOGING SOURCE
Modifying agency UPvMLC
Original cataloging agency BD-RjUL
Language of cataloging eng
Transcribing agency BD-RjUL
041 ## - LANGUAGE CODE
Language code of text/sound track or separate title eng
082 ## - DEWEY DECIMAL CLASSIFICATION NUMBER
Edition number 23
Classification number 027.009
Author mark and year HEH 1955
090 ## - LOCALLY ASSIGNED LC-TYPE CALL NUMBER (OCLC); LOCAL CALL NUMBER (OCLC)
Classification number (OCLC) (R) ; Classification number, CALL (RLIN) (NR) Z721.H582
Local cutter number (OCLC) ; Book number/undivided call number, CALL (RLIN) 1955
100 1# - MAIN ENTRY--PERSONAL NAME
Personal name Hessel, Alfred,
Dates associated with a name 1877-1939.
9 (RLIN) 168509
245 12 - TITLE STATEMENT
Title A history of libraries /
Statement of responsibility, etc. Alfred Hessel and translated, with supplementary material by, Reuben Peiss.
250 ## - EDITION STATEMENT
Edition statement Reuben Peiss memorial ed.
260 ## - PUBLICATION, DISTRIBUTION, ETC. (IMPRINT)
Place of publication, distribution, etc. New Brunswick, NJ :
Name of publisher, distributor, etc. Scarecrow Press,
Date of publication, distribution, etc. 1955 [c1950]
300 ## - PHYSICAL DESCRIPTION
Pagination xix, 198 p. ;
Size 22 cm.
500 ## - GENERAL NOTE
General note Includes index and Bibliography
650 #0 - SUBJECT ADDED ENTRY--TOPICAL TERM
Topical term or geographic name as entry element Libraries
General subdivision History.
9 (RLIN) 125749
700 1# - ADDED ENTRY--PERSONAL NAME
Personal name Peiss, Reuben,
Dates associated with a name 1912-1952.
942 ## - ADDED ENTRY ELEMENTS (KOHA)
Source of classification or shelving scheme Dewey Decimal Classification
Koha item type Books
Holdings
Lost status Source of classification or shelving scheme Damaged status Not for loan Collection code Permanent Location Current Location Shelving location Date acquired Source of acquisition Cost, normal purchase price Total Checkouts Full call number Date last seen Copy number Koha item type
  Dewey Decimal Classification   Not For Loan Non-fiction Central Library, University of Rajshahi Central Library, University of Rajshahi Reading Room 22/04/1965 Zeitlinger 35.00   027.009 HEH 1955 03/12/2016 C-1 Books